| 000 | 00582cab a2200205 4500 | ||
|---|---|---|---|
| 001 | ABS40668 | ||
| 008 | 090401t1989 xxu||||| |||| 00| 0 eng d | ||
| 035 | _a(Sirsi) u25362 | ||
| 041 | _aeng | ||
| 100 | _aGlover, P. | ||
| 245 | _aOut of sight | ||
| 260 | _c1989 | ||
| 350 | _a0 | ||
| 490 |
_aBuilding Societies` Gazette _v71(1471) April 1989, 1(1) |
||
| 520 | _aDiscusses how to survey drains from a house, detailing the different types and structural problems. | ||
| 650 | _aSTRUCTURAL SURVEYS | ||
| 690 | _aPRACTICE AND TECHNIQUES | ||
| 942 | _n0 | ||
| 948 | _c04/03/1997 | ||
| 999 |
_c17027 _d17027 |
||